000 00429 a2200145 4500
999 _c4325
_d4325
020 _a9788131301029
050 _aLB 3011 MIS 2009
100 _aMishra, R. C
_eAuthor
245 _aClassroom management /
_cR. C NMishra
264 _aNew Delhi:
_bA P H Publishing Coorporation,
_c2009
300 _axiii, 295p. :
500 _aNo index
650 _aClassroom management
_xClassroom adminitsration
942 _2lcc
_cBK
_h3011
_iMIS
_kLB